| 000 | 01377nam a2200337Ia 4500 | ||
|---|---|---|---|
| 001 | ebr10135621 | ||
| 003 | CaPaEBR | ||
| 006 | m u | ||
| 007 | cr cn||||||||| | ||
| 008 | 050510s2006 nyua sb 001 0 eng d | ||
| 010 | _z 2005046296 | ||
| 020 | _z1403982902 | ||
| 020 | _z1403971110 | ||
| 040 |
_aCaPaEBR _cCaPaEBR |
||
| 035 | _a(OCoLC)560467084 | ||
| 050 | 1 | 4 |
_aHC462.6 _b.S234 2006eb |
| 082 | 0 | 4 |
_a338.952/009/034 _222 |
| 100 | 1 | _aSagers, John H. | |
| 245 | 1 | 0 |
_aOrigins of Japanese wealth and power _h[electronic resource] : _breconciling Confucianism and capitalism, 1830-1885 / _cJohn H. Sagers. |
| 250 | _a1st ed. | ||
| 260 |
_aNew York : _bPalgrave Macmillan, _c2006. |
||
| 300 |
_a175 p. : _bill. |
||
| 504 | _aIncludes bibliographical references (p. [163]-169) and index. | ||
| 533 |
_aElectronic reproduction. _bPalo Alto, Calif. : _cebrary, _d2007. _nAvailable via World Wide Web. _nAccess may be limited to ebrary affiliated libraries. |
||
| 650 | 0 |
_aCapitalism _zJapan _xReligious aspects _xConfucianism _xHistory _y19th century. |
|
| 651 | 0 |
_aJapan _xEconomic conditions _y19th century. |
|
| 651 | 0 |
_aJapan _xEconomic policy _y19th century. |
|
| 655 | 7 |
_aElectronic books. _2local |
|
| 710 | 2 | _aebrary, Inc. | |
| 856 | 4 | 0 |
_uhttp://site.ebrary.com/lib/rucke/Doc?id=10135621 _zAn electronic book accessible through the World Wide Web; click to view |
| 999 |
_c87539 _d87539 |
||